Statistics for Disney Character's First Appearance

Click here to take the quiz!

General Stats

  • This quiz has been taken 28 times
  • The average score is 7 of 15

Answer Stats

HintAnswer% Correct
Princess AuroraSleeping Beauty
96%
Jiminy CrickeyPinocchio
91%
JafarAladdin
87%
TianaThe Princess and the Frog
87%
SebastianThe Little Mermaid
83%
ChernabogFantasia
57%
Mickey MouseSteamboat Willie
52%
ClaytonTarzan
48%
Pain and PanicHercules
43%
Jack SkellingtonA Nightmare Before Christmas
22%
Peg-Leg PeteAlice Solves the Puzzle
0%
GoofyMickey's Revue
0%
Chip 'n' DalePrivate Pluto
0%
PlutoThe Picnic
0%
Donald DuckThe Wise Little Hen
0%

Score Distribution

Percentile by Number Answered

Percent of People with Each Score

Your Score History

You have not taken this quiz